[Event "GER-ch U10 Girls"]
[Site "Willingen"]
[Date "2019.06.14"]
[Round "10"]
[White "Neininger, Sarah"]
[Black "Lichtenegger, Katharina"]
[Result "1-0"]
[WhiteElo "920"]
[BlackElo "1238"]
[PlyCount "119"]
[EventDate "2019.06.08"]
[EventType "swiss"]
[EventRounds "11"]
[EventCountry "GER"]
[SourceTitle "EXT 2020"]
[Source "ChessBase"]
[SourceDate "2019.10.17"]
[SourceVersion "1"]
[SourceVersionDate "2019.10.17"]
[SourceQuality "1"]

1. e4 e5 2. Nf3 Nc6 3. d4 exd4 4. Bc4 Nf6 5. 0-0 Nxe4 6. Re1 d5 7. Bxd5 Qxd5 8. Nc3 Qa5 9. Nxe4 Be6 10. Neg5 0-0-0 11. Nxe6 fxe6 12. Rxe6 Bd6 13. Bg5 Rde8 14. Qe2 Ref8 15. Re1 Qxa2 16. b3 Nb4 17. Nxd4 Bc5 18. Qg4 Kb8 19. Qh4 g6 20. Qh6 a6 21. Bf6 Rhg8 22. Qxh7 Bxd4 23. Bxd4 b6 24. Bxb6 Nd5 25. Bc5 Rh8 26. Qxg6 Nf4 27. Qg4 Nxe6 28. Bxf8 Nxf8 29. Re8+ Kb7 30. Qe4+ Kb6 31. Rb8+ Kc5 32. b4+ Kd6 33. Rd8+ Nd7 34. Qd4+ Kc6 35. Qxd7+ Kb7 36. Qd5+ Qxd5 37. Rxd5 Re8 38. g4 Re2 39. h4 Re4 40. f3 Rxb4 41. c3 Rc4 42. h5 Rxc3 43. h6 Rxf3 44. Kg2 Rf4 45. Kg3 Rf8 46. g5 Rh8 47. Rd7 a5 48. h7 a4 49. g6 a3 50. Rd2 c5 51. g7 Rxh7 52. g8Q Re7 53. Qb3+ Kc6 54. Qxa3 Rg7+ 55. Kf4 Rf7+ 56. Ke5 Re7+ 57. Kf6 Re1 58. Qf3+ Kb5 59. Rb2+ Ka4 60. Qa8# 1-0

[Event "GER-ch U10 Girls"]
[Site "Willingen"]
[Date "2019.06.12"]
[Round "7"]
[White "Lichtenegger, Katharina"]
[Black "Glotz, Diana"]
[Result "0-1"]
[WhiteElo "1238"]
[BlackElo "1244"]
[PlyCount "88"]
[EventDate "2019.06.08"]
[EventType "swiss"]
[EventRounds "11"]
[EventCountry "GER"]
[SourceTitle "EXT 2020"]
[Source "ChessBase"]
[SourceDate "2019.10.17"]
[SourceVersion "1"]
[SourceVersionDate "2019.10.17"]
[SourceQuality "1"]

1. e4 e5 2. Nf3 Nc6 3. Bc4 Bc5 4. c3 Nf6 5. d3 h6 6. 0-0 0-0 7. Nbd2 d6 8. a4 a6 9. Re1 Ng4 10. Re2 Qe7 11. h3 Nf6 12. Nf1 Bd7 13. Ng3 Rfe8 14. Be3 Bxe3 15. Rxe3 Na5 16. Bb3 c5 17. Nd2 Rac8 18. Nc4 Nxc4 19. Bxc4 b5 20. Bb3 c4 21. dxc4 bxc4 22. Bc2 Rb8 23. Rb1 Be6 24. Nh5 Red8 25. Qf3 d5 26. Nxf6+ Qxf6 27. Qg3 d4 28. cxd4 exd4 29. Rf3 Qg5 30. Qxg5 hxg5 31. Rg3 f6 32. b4 d3 33. Bd1 a5 34. b5 Rbc8 35. Bg4 Bxg4 36. hxg4 d2 37. Rd1 c3 38. f4 c2 39. Rf1 d1Q 40. Rxd1 cxd1Q+ 41. Kh2 Rc1 42. Rh3 Qh1+ 43. Kg3 Rd3+ 44. Kf2 Qf1# 0-1

[Event "GER-ch U10 Girls"]
[Site "Willingen"]
[Date "2019.06.10"]
[Round "3"]
[White "Lichtenegger, Katharina"]
[Black "Sickmann, Lisa"]
[Result "0-1"]
[WhiteElo "1238"]
[BlackElo "1418"]
[PlyCount "92"]
[EventDate "2019.06.08"]
[EventType "swiss"]
[EventRounds "11"]
[EventCountry "GER"]
[SourceTitle "EXT 2020"]
[Source "ChessBase"]
[SourceDate "2019.10.17"]
[SourceVersion "1"]
[SourceVersionDate "2019.10.17"]
[SourceQuality "1"]

1. e4 c5 2. Nf3 e6 3. d4 cxd4 4. Nxd4 a6 5. Nf3 Qc7 6. Nc3 Nc6 7. Be3 Nf6 8. Be2 Bb4 9. 0-0 Bxc3 10. bxc3 Nxe4 11. c4 Nc3 12. Qd2 Nxe2+ 13. Qxe2 Ne5 14. c5 Nxf3+ 15. Qxf3 0-0 16. Qg4 d5 17. Rfe1 Qe7 18. Bh6 Qf6 19. Bd2 Kh8 20. Rab1 Qe7 21. Bc3 f6 22. Re2 Qxc5 23. Bb4 Qb5 24. Rb3 Rg8 25. Ree3 Qc4 26. Qxc4 dxc4 27. Rbc3 b5 28. Rh3 e5 29. Rh4 Bf5 30. a3 g5 31. Rh5 Bg4 32. Rh6 Kg7 33. Rxh7+ Kxh7 34. h3 Bf5 35. Rf3 Kg6 36. g4 Bxc2 37. Rc3 Bb3 38. Ba5 Ra7 39. Bb6 Rd7 40. Bc5 Rd3 41. Rxd3 cxd3 42. Kf1 d2 43. Be3 d1Q+ 44. Kg2 Bd5+ 45. f3 Qxf3+ 46. Kg1 Qg2# 0-1

[Event "GER-ch U10 Girls"]
[Site "Willingen"]
[Date "2019.06.10"]
[Round "4"]
[White "Richter, Johanna"]
[Black "Lichtenegger, Katharina"]
[Result "0-1"]
[WhiteElo "936"]
[BlackElo "1238"]
[PlyCount "80"]
[EventDate "2019.06.08"]
[EventType "swiss"]
[EventRounds "11"]
[EventCountry "GER"]
[SourceTitle "EXT 2020"]
[Source "ChessBase"]
[SourceDate "2019.10.17"]
[SourceVersion "1"]
[SourceVersionDate "2019.10.17"]
[SourceQuality "1"]

1. d4 d5 2. Bf4 Nf6 3. e3 Bf5 4. Bd3 Bg6 5. c3 e6 6. Nf3 c5 7. 0-0 Bxd3 8. Qxd3 c4 9. Qc2 Nbd7 10. Nbd2 Be7 11. Rae1 0-0 12. Ne5 Nxe5 13. Bxe5 Nd7 14. Bf4 Bg5 15. Bd6 Re8 16. Bg3 Qf6 17. Nf3 Rac8 18. Qa4 Rc6 19. Qxa7 Rb6 20. Qa5 Rc6 21. Qb5 Nb6 22. Ne5 Rcc8 23. Qxb6 Qe7 24. Qa5 Ra8 25. Qb5 Rxa2 26. Ra1 Raa8 27. Nd7 Red8 28. Nb6 Rxa1 29. Rxa1 Bh4 30. Bxh4 Qxh4 31. Ra8 h6 32. Rxd8+ Qxd8 33. Nd7 Qa8 34. g3 Qa1+ 35. Kg2 Qb1 36. Qxb7 Qe4+ 37. Kh3 Qf5+ 38. g4 Qf3+ 39. Kh4 g5+ 40. Kh5 Qh3# 0-1

[Event "GER-ch U10 Girls"]
[Site "Willingen"]
[Date "2019.06.09"]
[Round "1"]
[White "Lichtenegger, Katharina"]
[Black "Schuelke, Rosalie"]
[Result "1/2-1/2"]
[WhiteElo "1238"]
[BlackElo "995"]
[PlyCount "45"]
[EventDate "2019.06.08"]
[EventType "swiss"]
[EventRounds "11"]
[EventCountry "GER"]
[SourceTitle "EXT 2020"]
[Source "ChessBase"]
[SourceDate "2019.10.17"]
[SourceVersion "1"]
[SourceVersionDate "2019.10.17"]
[SourceQuality "1"]

1. e4 e6 2. Nf3 d5 3. exd5 exd5 4. d4 c5 5. Nc3 a6 6. a4 Nf6 7. Bg5 Be6 8. Ne5 Qb6 9. Bxf6 gxf6 10. Nd3 c4 11. a5 Qc7 12. Nc1 Bb4 13. Be2 Bxa5 14. Bg4 Qb6 15. 0-0 Nc6 16. Na4 Qxd4 17. Qxd4 Nxd4 18. Bxe6 fxe6 19. Nc5 Bb6 20. Na4 Ba5 21. Nc5 Bb6 22. Na4 Ba5 23. Nc5 1/2-1/2